00864 a2200181 4500003000500000005001700005010001600022020001500038040000900053082001500062100002500077245006600102250001100168260003100179300003500210505041300245650002400658Nust20221128132306.0 a 78006706 a0471029859 cNust00a519.4, ATK1 aAtkinson, Kendall E.13aAn introduction to numerical analysis /cKendall E. Atkinson. a2nd ed aNew York :bWiley,cc1978. axiii, 587 p. :bill. ;c24 cm. a1.Error; Its Sources, Propagation and Analysis (Page-3), Root finding for Nonlinear Equations (Page-53), Interpolation Theory (Page-131), Approximation of Functions (Page-197), Numerical Integration (Page-249), Numerical Methods for Ordinary Differential Equations (Page-333), Linear Algebra (Page-463), Numerical Solution of Systems of Linear Equations (Page-507), The Matrix Eigenvalue Problem (Page-587). 0aNumerical analysis.